000 00544nam a22001817a 4500
005 20150515170504.0
010 _aENG-112609
020 _a9789325976177
_c395.00
035 _aEN-96141
037 _bDBAD/PUB
082 _a519.5
100 _aSharma, J.K.
245 0 0 _aBusiness statistics :
_cby J.K. Sharma
_bproblems and solutions /
260 _aNew Delhi
_bVikas Publishing House
_c2014
270 _aE-28, Sector-8, Noida
_bNew Delhi
_e201301
300 _aix,585p.:
_c27cm(pbk)
_bill.
942 _2ddc
_cEN
_mSHA
_h519.5
999 _c92788
_d92788